000 00298nam a22001337a 4500
008 190204b xxu||||| |||| 00| 0 eng d
020 _a9780803644007
041 _aeng
080 _a610.73
100 _a2
101 _aINF
245 _aNursing Health Assessment
_cDillon, P.M
942 _2udc
_cBK
999 _c53926
_d53926